Dynamic irradiation chamber tests of automotive exhaust

Αποθηκεύτηκε σε:
Λεπτομέρειες βιβλιογραφικής εγγραφής
Κύριος συγγραφέας: Korth, Merrill W.
Μορφή: Βιβλίο
Γλώσσα:English
Δημοσίευση: Ohio : U.S. Department of Health, Education and Welfare, 1963
Σειρά:Environmental health series. Air pollution ; ; 5
Θέματα:
Ετικέτες: Προσθήκη ετικέτας
Δεν υπάρχουν, Καταχωρήστε ετικέτα πρώτοι!

MARC

LEADER 00000cam a2200000 i 4500
001 1/105712
008 950623s1963 eng d
035 |l 10013777 
040 |a GR-MY-UA  |b gre  |e aacr 
041 0 |a eng 
082 0 |a 629.2504 
100 1 |a Korth, Merrill W. 
245 1 0 |a Dynamic irradiation chamber tests of automotive exhaust /  |c Merrill W. Korth 
260 |a Ohio :   |b U.S. Department of Health, Education and Welfare,   |c 1963 
300 |a 54 p.  |b ill., tables, fig. 
490 1 |a Environmental health series. Air pollution  |v ; 5 
650 0 0 |a Automobiles  |x Motors  |x Exhaust gas. 
650 0 0 |a Air  |x Pollution  |x Prevention and control. 
830 0 |a Environmental health series. Air pollution ;  |v ; 5 
852 |a INST  |b LESVOS  |e 19950623  |h 629.2504 KOR  |p 005100008517  |q 005100008517  |t BK  |y 0 
909 |a Λ  |b 008640 
970 |z 2000/05/ΟΙΚΟΝΟΜΟΠΟΥΛΟΥ ΧΡΙΣΤΙΝΑ